| 000 | 00591cam a22002291 4500 | ||
|---|---|---|---|
| 001 | ne 65000867 | ||
| 003 | DLC | ||
| 005 | 20260227111813.0 | ||
| 008 | 890331s1964 xx 000 0 arar | ||
| 010 | _ane 65000867 | ||
| 035 | _a(OCoLC)23509450 | ||
| 040 |
_aDLC _cMiU _dDLC |
||
| 042 | _apremarc | ||
| 050 | 0 | 0 |
_aDS38 _b.Z3 |
| 100 | 1 |
_aZakī, Jamāl, _d1923- |
|
| 245 | 1 | 0 | _aBayna muʼtamarayn. |
| 260 |
_a[n. p.] _c[1964] |
||
| 300 |
_a80 p. _c20 cm. |
||
| 500 | _aRomanized. | ||
| 651 | 0 |
_aArab countries _xPolitics and government. |
|
| 700 | 1 |
_aʻUways, Muḥammad. _ejoint author. |
|
| 999 |
_c48077 _d48077 |
||